| 000 | 00673nam a2200205 a 4500 | ||
|---|---|---|---|
| 001 | 000836852 | ||
| 003 | AM-YEHGA | ||
| 005 | 20250617163842.0 | ||
| 008 | 111010s1961 ru r 000 0 rus d | ||
| 040 | _aAM-YeHGA | ||
| 041 | 0 | _arus | |
| 100 | 1 | _aИванов, Александр Павлович | |
| 245 | 1 | 0 |
_aРожь / _cА.П. Иванов; Ред. Ю.В. Алексеев. |
| 260 |
_aЛ. ; _aМ. : _bСельхозиздат, _c1961. |
||
| 300 |
_a304 с. : _bрис., табл. ; _c21 см. |
||
| 504 | _aЛит. с. : 289-301 на рус. и иностр. яз. | ||
| 650 | 1 | 4 | _aРожь |
| 700 | 1 |
_aАлексеев, Ю.В. _eред. _4edt |
|
| 090 | _c517375 | ||
| 999 |
_c513857 _d513857 |
||